书目信息 |
| 题名: |
龚自珍文选
|
|
| 作者: | 钱仲联 主编 ;闵定庆 , 谢飘云 选注评点 | |
| 分册: | ||
| 出版信息: | 苏州 苏州大学出版社 2001.09 |
|
| 页数: | 361页, [4] 页图版 | |
| 开本: | 21cm | |
| 丛书名: | 明清八大家文选丛书 | |
| 单 册: | ||
| 中图分类: | I264.9 , B251.1 | |
| 科图分类: | ||
| 主题词: | 古典散文--选集--中国--清代 | |
| 电子资源: | ||
| ISBN: | 7-81037-797-3 | |
| 000 | 01299nam 2200313 450 | |
| 001 | 0158639953 | |
| 005 | 20051008113211.26 | |
| 010 | @a7-81037-797-3@dCNY21.00 | |
| 100 | @a20050202d2001 km y0chiy0120 ea | |
| 101 | 0 | @achi |
| 105 | @aach a 000cy | |
| 106 | @ar r'] | |
| 200 | 1 | @a龚自珍文选@Agong zi zhen wen xuan@f钱仲联主编@Fqian zhong lian zhu bian@g谢飘云, 闵定庆选注评点@Gxie piao yun,min ding qing xuan zhu ping dian |
| 210 | @a苏州@c苏州大学出版社@d2001.09 | |
| 215 | @a361页, [4] 页图版@c图, 肖像, 摹真@d21cm | |
| 225 | 2 | @a明清八大家文选丛书@f钱仲联主编 |
| 306 | @a全国古籍整理出版规划领导小组资助出版。 | |
| 320 | @a有书目 (第359-361页)。 | |
| 330 | @a本书精选清代著名散文家龚自珍之论著58篇,并对其进行注释点评。 | |
| 333 | @a一般读者。 | |
| 410 | 0 | @12001 @a明清八大家文选丛书@1701 0@a钱仲联@Aqian zhong lian@4主编 |
| 606 | 0 | @a古典散文@x选集@y中国@z清代 |
| 690 | @aI264.9@v4 | |
| 690 | @aB251.1@v4 | |
| 701 | 0 | @a钱仲联@Aqian zhong lian@4主编 |
| 702 | 0 | @a闵定庆@Amin ding qing@4选注评点 |
| 702 | 0 | @a谢飘云@Axie piao yun@4选注评点 |
| 801 | 0 | @aCN@bQSSK@c20051008 |
| 905 | @a10447@dI264.9@eQ273 | |
| 龚自珍文选/钱仲联主编/谢飘云, 闵定庆选注评点.-苏州:苏州大学出版社,2001.09 |
| 361页, [4] 页图版:图, 肖像, 摹真;21cm.-(明清八大家文选丛书/钱仲联主编) |
| 使用对象:一般读者。 |
| ISBN 7-81037-797-3:CNY21.00 |
| 本书精选清代著名散文家龚自珍之论著58篇,并对其进行注释点评。 |
| ● |
| 相关链接 |
|
|
|
正题名:龚自珍文选
索取号:I264.9/Q273
 
预约/预借
| 序号 | 登录号 | 条形码 | 馆藏地/架位号 | 状态 | 备注 |
| 1 | 574047 | 205740475 | 文学库116/116文学库 1排3列3层/ [索取号:I264.9/Q273] | 在馆 | |
| 2 | 574048 | 205740484 | 文学库116/116文学库 1排3列3层/ [索取号:I264.9/Q273] | 在馆 | |
| 3 | 574049 | 205740493 | 文学库116/116文学库 1排3列3层/ [索取号:I264.9/Q273] | 在馆 |